Great crocheted sweaters in a weekend
| Main Author: | |
|---|---|
| Other Authors: | |
| Format: | Book |
| Published: |
New York :
Sterling Publishing ,
1995
|
| Subjects: |
MARC
| LEADER | 00000cam a2200000 7i4500 | ||
|---|---|---|---|
| 001 | 0000007647 | ||
| 002 | 000008215 | ||
| 005 | 20000330.0 | ||
| 020 | |a 0806904429 | ||
| 090 | 0 | 0 | |a 746.92 |b THE |
| 100 | 1 | |a Theiss, Nola | |
| 245 | 1 | 0 | |a Great crocheted sweaters in a weekend |
| 260 | |a New York : |b Sterling Publishing , |c 1995 | ||
| 300 | |a 143p. ; |c 25cm. | ||
| 650 | 0 | 0 | |a Crocheting |x Patterns |
| 700 | 1 | |a Rankin, Chris | |
| 999 | |a 051974 |b BUKU |c PINJAMAN |e PERPUSTAKAAN KOMUNITI PETALING JAYA | ||